00397pab a2200145 454500008004000000100002700040245007500067260000900142300001300151362000800164650002200172650002100194650001000215773002600225180718b1999 xxu||||| |||| 00| 0 eng d aWasim, Muhammad Pervez aProcurement price of sugarcane and its determinants in Punjab-Pakistan c1999 ap.530-56 aDec aPrices - Pakistan aSugar - Pakistan aSugar aAsian Economic Review